000
00324nam a2200109Ia 4500
008
171211s9999 xx 000 0 und d
245
_a
Pragmatic Guide to Sass
245
_c
Hampton Catlin and Michael Lintorn Catlin
260
_c
2011
650
_x
Web Development
856
_u
http://down.ebook777.com/016/9781934356845.pdf
999
_c
350048
_d
350048